Universities in New Zealand - Statistics

General Stats
  • This quiz has been taken 16 times
  • The average score is 5 of 8
Answer Stats
Established Answer % Correct
1883 University of Auckland
93%
1869 University of Otago
93%
1964 University of Waikato
64%
1897 Victoria University of Wellington
64%
1927 Massey University
57%
1873 University of Canterbury
57%
2000 Auckland University of Technology
43%
1878 Lincoln University
43%
No matching quizzes found
Score Distribution
Percent of People with Each Score
Percentile by Number Answered
Your Score History
You have not taken this quiz